| 000 | 00770nam a2200241 i 4500 | ||
|---|---|---|---|
| 001 | 6905 | ||
| 003 | ES-MaACL | ||
| 005 | 20240223063021.0 | ||
| 007 | t| | ||
| 008 | 900712s1986 sp ||||1| spa d | ||
| 020 | _a84-345-8425-5 (v.I) | ||
| 020 | _a84-345-8426-3(v.II) | ||
| 080 | _a113/119 | ||
| 100 | 1 |
_aKoestler, Arthur, _d1905-1983 _968460 |
|
| 245 | 1 | 4 |
_aLos Sonambulos _b: el origen y desarrollo de la cosmologia / _cArthur Koestler. |
| 260 |
_aBarcelona : _bSalvat, _c1986. |
||
| 300 |
_a2 v. ; _c19 cm. |
||
| 490 | 1 |
_aBiblioteca científica Salvat ; _v51 ; 52 |
|
| 650 | 1 | 4 |
_aCosmología. _911389 |
| 830 | 0 |
_aBiblioteca científica Salvat ; _v51 ; 52 _9177703 |
|
| 852 |
_aES-MaACL _jL-14136-7 _bR.117725 _z. - rust. |
||
| 999 |
_c6905 _d6905 |
||